| 000 | 00636nam a22001817a 4500 | ||
|---|---|---|---|
| 005 | 20251108165251.0 | ||
| 008 | 250721s1985 xx 000 0 ara d | ||
| 082 | 1 | 4 | _a573/محم |
| 100 | 1 | _aمحجوب، محمد عبده | |
| 245 | 1 | 0 |
_aمقدمة في الأنثروبولوجيا : _bالمجالات النظرية و التطبيقية / |
| 264 | 1 |
_aالإسكندريه : _bدار المعرفة الجامعية، _c1985. |
|
| 300 | _a416ص | ||
| 490 | 0 | _aسلسلة السوسيوانثروبولوجية ؛ 3 | |
| 650 | 1 | 7 | _aالأنثروبولوجيا |
| 650 | 1 | 7 | _aالإنسان |
| 942 |
_2ddc _cBK |
||
| 999 |
_c23677 _d23677 |
||